000 00608cam a22002053a 4500
001 45346
003 PGUSA
005 20140828084040.0
008 140407s2014||||xxu|||||s|||||000 | eng d
040 _aPGUSA
_beng
042 _adc
100 1 _aRolleston, T. W.
_q(Thomas William),
_d1857-1920
245 1 0 _aSea Spray :
_bVerses and Translations
_h[electronic resource] /
_cT. W. Rolleston
260 _bProject Gutenberg,
_c2014
506 _aPublic domain in the USA.
516 _aElectronic text
830 0 _aProject Gutenberg
_v45346
856 4 0 _uhttp://www.gutenberg.org/ebooks/45346
942 _cEB
999 _c274597
_d274597